00581nam a2200169Ia 4500008004100000020002200041082001500063100001900078245004100097250000900138260004000147300001100187600001500198942000700213952017400220999001700394250916s9999 xx 000 0 und d a978-1-292-40480-6 a658.45 THI aThill, John V. 0aExcellence in business communication a13th aSingapor:bPearson education,c2022 a672 p. aManagement cBK 001040708MANaUITUbUITUd2025-07-31eProgressive International Agencies (Pvt) Limitedg18107.17l0o658.45 THIpQ15990r2025-09-16 13:12:10v22633.96w2025-09-16yBK c31615d31615